000 00627nam a2200253 a 4500
001 nice12345678
003 IN_TiNIC
005 20260116011827.0
008 050524s1967 hyda grp 000 0 eng
020 _a
_c100
082 0 0 _a370
_bDES
100 _aDeshpande, L B
245 _aRole of the University in National Integration
260 _aHyderabad
_bOsmania University
_c1967
300 _a31p
500 _aincludes index and biblioraphy
505 2 _aIndex
650 _aEducation-India
650 _aNational Integration
700 1 _aDeshpande, L B
902 _bSRS
942 _cBK
999 _c4259
_d4259